Summary of doctoral theses (Record no. 4535)

MARC details
000 -LEADER
fixed length control field 00621cam a2200217ua 4500
008 - FIXED-LENGTH DATA ELEMENTS--GENERAL INFORMATION
fixed length control field 120823n ii |||gr||||Z||||||eng
020 ## - INTERNATIONAL STANDARD BOOK NUMBER
International Standard Book Number 978-81-920635-2-2
040 ## - CATALOGING SOURCE
Transcribing agency MAIN
082 ## - DEWEY DECIMAL CLASSIFICATION NUMBER
Classification number 001.4
100 1# - MAIN ENTRY--PERSONAL NAME
Personal name Paul, Manoj Kumar,
Relator term
245 11 - TITLE STATEMENT
Title Summary of doctoral theses
Statement of responsibility, etc. ed. by Manoj Kumar Paul
Medium Monographic Serials
250 ## - EDITION STATEMENT
Remainder of edition statement Volume iii.
260 ## - PUBLICATION, DISTRIBUTION, ETC.
Place of publication, distribution, etc. Guwahati:
Name of publisher, distributor, etc. Assam college teachers association,
Date of publication, distribution, etc. 2011.
300 ## - PHYSICAL DESCRIPTION
Extent xviii,498p.
700 ## - ADDED ENTRY--PERSONAL NAME
Personal name Bhagabati, Jyotish,
Relator term
942 ## - ADDED ENTRY ELEMENTS (KOHA)
Koha item type Books
653 ## - INDEX TERM--UNCONTROLLED
Uncontrolled term Knowledge
653 ## - INDEX TERM--UNCONTROLLED
Uncontrolled term Research works
653 ## - INDEX TERM--UNCONTROLLED
Uncontrolled term Summary of doctoral theses
Holdings
Withdrawn status Lost status Damaged status Not for loan Home library Current library Shelving location Date acquired Total Checkouts Full call number Barcode Date last seen Copy number Price effective from Koha item type
        Naharkatiya College Library Naharkatiya College Library General Stacks 19/09/2020   001.4Reference | SUM 20684 19/09/2020 1 19/09/2020 Books

Naharkatiya College © 2020. All rights reserved.

Powered By